Princíp integrity v jazykovom vyučovaní

Bibliographic Details
Main Author: Balážiková, Katarína, 1942- (Author)
Format: Article
Language:Slovak
PhysicalDescription:Lit. 4 zázn. v slov.
Subjects:

MARC

LEADER 00000nab a2200000 a 4500
001 vtls000266482
003 SK-MaSNL
005 20260304075224.0
008 250422c1986 xo 0 slo
015 |a SNBRB19rr/mm-uuuuu 
035 |a CL0276596 
035 |a urn:nbn:sk:snk-ab6vy 
035 |a (urnnbn)urn:nbn:sk:snk:ar-a04yq1 
035 |a (uuid)3ec85c2f-f0ac-440b-9e13-4bbbe9f866fb 
040 |a SNKBUCL  |b slo  |c SNKBUCL  |e AACR2 
041 0 |a slo 
044 |a xo  |c SK 
080 |a 808.54:373.3  |2 1981 
080 |a 373.3  |2 1981 
100 1 |a Balážiková, Katarína,  |d 1942-  |4 aut  |9 89374 
245 1 0 |a Princíp integrity v jazykovom vyučovaní  |c Katarína Balážiková 
300 |b Lit. 4 zázn. v slov. 
650 0 7 |a slovenčina  |2 snkbucl  |9 1350 
650 0 7 |a vyučovanie jazykové  |2 snkbucl  |9 1002887 
655 7 |a články z novín a časopisov  |2 snkbucl  |9 267496 
773 0 |t Slovenský jazyk a literatúra v škole  |g Roč. 32, č. 8 (1985/1986), s. 234-237 
850 |a Slovenská národná knižnica 
852 |a Slovenská národná knižnica 
954 |a odborná, vedecká literatúra pôvodná (slovenská)  |2 lita 
958 |a article27 
958 |a RK 
958 |a OND 
958 |a EUIPO 
992 |a RBX 
999 |c 2780277  |d 2782207